00538nam a2200181Ia 450000500170000000800410001708200150005810000170007324500650009025000080015526000390016330000120020265000130021465000140022794200060024195200960024799900130034320240731055206.0240331s9999 xx 000 0 und d a291.5bAUR aAurobindo, S 4aThe Mother :bfecsimiles and text of the original manuscript a3rd aPondicherrybAll India booksc1984 a29 p ., aReligion aPsychical cL 001040708LaWERCLbWERCLcSSCd2024-03-31l0o 291.5 AURp849r2024-03-31w2024-03-31yL c875d875